[Event "NED-chT 2223"]
[Site "Netherlands"]
[Date "2023.04.01"]
[Round "8.9"]
[White "Los, Sander"]
[Black "Cardon, Helmut"]
[Result "1-0"]
[WhiteElo "2255"]
[BlackElo "2381"]
[PlyCount "53"]
[EventDate "2022.09.17"]
[EventType "team-tourn"]
[EventRounds "9"]
[EventCountry "NED"]
[SourceTitle "EXT 2024"]
[Source "ChessBase"]
[SourceDate "2023.10.10"]
[SourceVersion "1"]
[SourceVersionDate "2023.10.10"]
[SourceQuality "1"]
[WhiteTeam "Amstelveen Zukertort"]
[BlackTeam "Sas van Gent"]
[WhiteTeamCountry "NED"]
[BlackTeamCountry "NED"]

1. Nf3 Nf6 2. c4 e6 3. g3 d5 4. Bg2 dxc4 5. Qa4+ Nbd7 6. Qxc4 c5 7. 0-0 b6 8. Nc3 Bb7 9. e4 a6 10. Qe2 b5 11. d3 Be7 12. a4 b4 13. Nb1 c4 14. dxc4 Bxe4 15. Nbd2 Bb7 16. Nb3 Nc5 17. Rd1 Qc8 18. Na5 Be4 19. Ne5 Qc7 20. Nac6 Bd6 21. Bf4 0-0 22. Rxd6 Qxd6 23. Ng6 Qxc6 24. Ne7+ Kh8 25. Nxc6 Bxg2 26. Kxg2 Rfc8 27. Ne5 1-0

[Event "NED-chT 0607"]
[Site "Netherlands"]
[Date "2007.05.13"]
[Round "9.5"]
[White "Bosman, Michiel"]
[Black "Los, Sander"]
[Result "1-0"]
[WhiteElo "2339"]
[BlackElo "2324"]
[PlyCount "67"]
[EventDate "2006.09.23"]
[EventType "team-tourn"]
[EventRounds "9"]
[EventCountry "NED"]
[SourceTitle "EXT 2008"]
[Source "ChessBase"]
[SourceDate "2007.11.25"]
[SourceVersion "1"]
[SourceVersionDate "2007.11.25"]
[SourceQuality "1"]
[WhiteTeam "Leiden LSG"]
[BlackTeam "Amstelveen"]
[WhiteTeamCountry "NED"]
[BlackTeamCountry "NED"]

1. e4 d6 2. d4 g6 3. Nc3 Bg7 4. Nge2 a6 5. a4 b6 6. g3 Bb7 7. Bg2 Nf6 8. 0-0 e6 9. h3 0-0 10. Be3 Nbd7 11. g4 b5 12. g5 Nh5 13. axb5 axb5 14. Nxb5 Rxa1 15. Qxa1 Qb8 16. Nbc3 c5 17. dxc5 Nxc5 18. Qa3 Bc6 19. b4 Nd7 20. Rd1 Nb6 21. Qa6 Na4 22. Qxc6 Nxc3 23. Nxc3 Rc8 24. Qxd6 Bxc3 25. Bc5 Nf4 26. Bf1 e5 27. Qxb8 Rxb8 28. b5 Rc8 29. Ba7 Ne6 30. b6 Nc5 31. Rd5 Bd4 32. Rxc5 Rxc5 33. b7 Rb5 34. b8Q+ 1-0

[Event "NED-chT 0203 playoff"]
[Site "Enschede"]
[Date "2003.06.22"]
[Round "2.6"]
[White "Feygin, Michael"]
[Black "Los, Sander"]
[Result "1/2-1/2"]
[WhiteElo "2495"]
[BlackElo "2345"]
[PlyCount "104"]
[EventDate "2003.06.21"]
[EventType "team-k.o."]
[EventRounds "2"]
[EventCountry "NED"]
[SourceTitle "CBM 094 Extra"]
[Source "ChessBase"]
[SourceDate "2003.07.09"]
[SourceVersion "2"]
[SourceVersionDate "2003.07.09"]
[SourceQuality "1"]
[WhiteTeam "ING/ESGOO Enschede"]
[BlackTeam "Amstelveen Zukertort"]
[WhiteTeamCountry "NED"]
[BlackTeamCountry "NED"]

1. e4 c5 2. Nf3 d6 3. d4 cxd4 4. Nxd4 Nf6 5. Nc3 g6 6. f4 Nbd7 7. Nf3 Bg7 8. e5 dxe5 9. fxe5 Ng4 10. e6 fxe6 11. Ng5 Qa5 12. Bd2 Qe5+ 13. Qe2 Nc5 14. 0-0-0 Qxe2 15. Bxe2 Nf2 16. Be3 Nxd1 17. Rxd1 Bf6 18. h4 b6 19. Bb5+ Kf8 20. b4 h6 21. bxc5 hxg5 22. Ne4 gxh4 23. c6 e5 24. c7 Bf5 25. Bh6+ Kf7 26. Bc4+ Be6 27. Nxf6 Bxc4 28. Ng4 Be2 29. Nxe5+ Ke6 30. Rd2 Kxe5 31. Bg7+ Ke6 32. Bxh8 Ba6 33. Bg7 Rc8 34. Rd4 g5 35. Re4+ Kf7 36. Be5 Bb7 37. Re2 Kg6 38. Kd2 Kf5 39. Bh2 g4 40. Rf2+ Kg6 41. Be5 g3 42. Rf4 Kg5 43. Rf7 e6 44. Bd6 Bxg2 45. Ke3 Bd5 46. Rg7+ Kh6 47. Rd7 Kg6 48. a3 Kf5 49. c4 Bxc4 50. Rf7+ Kg5 51. Rg7+ Kh5 52. Bf4 e5 1/2-1/2

[Event "Sonnevanck-B"]
[Site "Wijk aan Zee"]
[Date "1995.??.??"]
[Round "9"]
[White "Lane, Gary William"]
[Black "Los, Sander"]
[Result "1-0"]
[WhiteElo "2405"]
[BlackElo "2365"]
[PlyCount "79"]
[EventDate "1995.02.??"]
[EventType "tourn"]
[EventRounds "9"]
[EventCountry "NED"]
[EventCategory "5"]
[SourceTitle "EXT 1998"]
[Source "ChessBase"]
[SourceDate "1997.11.17"]
[SourceVersion "1"]
[SourceVersionDate "1997.11.17"]
[SourceQuality "1"]

1. e4 c5 2. Nf3 d6 3. d4 cxd4 4. Nxd4 Nf6 5. Nc3 g6 6. Bc4 Bg7 7. 0-0 0-0 8. Re1 Nc6 9. Bb3 Nxd4 10. Qxd4 b5 11. Nxb5 Ng4 12. Qd2 Qb6 13. Nc3 Bxc3 14. bxc3 Ba6 15. Qd4 Rfc8 16. h3 Ne5 17. Bh6 Rc7 18. Re3 Rac8 19. Rd1 Bc4 20. f4 Qxd4 21. cxd4 Nd7 22. Rd2 Nb6 23. f5 a5 24. a4 f6 25. fxg6 hxg6 26. Bf4 Kf7 27. Bg3 Bxb3 28. cxb3 Rc1+ 29. Kh2 Rb1 30. Rde2 d5 31. e5 f5 32. e6+ Kg7 33. Be5+ Kg8 34. h4 Rc6 35. Bf6 Nc8 36. Bg5 Rcc1 37. Rf3 Nd6 38. Bxc1 Rxc1 39. Re5 Ne4 40. Rxd5 1-0

[Event "Sonnevanck-B"]
[Site "Wijk aan Zee"]
[Date "1995.??.??"]
[Round "1"]
[White "Los, Sander"]
[Black "Reeh, Oliver"]
[Result "1/2-1/2"]
[WhiteElo "2365"]
[BlackElo "2450"]
[PlyCount "92"]
[EventDate "1995.02.??"]
[EventType "tourn"]
[EventRounds "9"]
[EventCountry "NED"]
[EventCategory "5"]
[SourceTitle "EXT 1998"]
[Source "ChessBase"]
[SourceDate "1997.11.17"]
[SourceVersion "1"]
[SourceVersionDate "1997.11.17"]
[SourceQuality "1"]

1. e4 c5 2. Nf3 d6 3. d4 cxd4 4. Nxd4 Nf6 5. Nc3 Nc6 6. Bg5 e6 7. Qd2 a6 8. 0-0-0 Bd7 9. f3 Be7 10. h4 b5 11. Nxc6 Bxc6 12. Ne2 h6 13. Nd4 Bd7 14. Be3 e5 15. Nf5 Bxf5 16. exf5 d5 17. Kb1 0-0 18. g4 d4 19. Qh2 Nd5 20. Bc1 Bd6 21. g5 h5 22. f4 Nxf4 23. Bxf4 exf4 24. Qe2 d3 25. Qxh5 dxc2+ 26. Kxc2 Qc7+ 27. Kb1 Be5 28. Bd3 Rfd8 29. Be4 Rxd1+ 30. Rxd1 Rd8 31. Bd5 Kf8 32. f6 gxf6 33. Qh6+ Ke7 34. Qg7 Rxd5 35. Rxd5 Qc4 36. Rxe5+ fxe5 37. Qxe5+ Kf8 38. Qd6+ Kg8 39. Qf6 Qd3+ 40. Kc1 f3 41. h5 Qf1+ 42. Kd2 Qe2+ 43. Kc3 Qc4+ 44. Kd2 Qe2+ 45. Kc3 Qe3+ 46. Kc2 Qe2+ 1/2-1/2

[Event "Sonnevanck-B"]
[Site "Wijk aan Zee"]
[Date "1995.??.??"]
[Round "2"]
[White "Michaelsen, Nils"]
[Black "Los, Sander"]
[Result "1/2-1/2"]
[WhiteElo "2430"]
[BlackElo "2365"]
[PlyCount "87"]
[EventDate "1995.02.??"]
[EventType "tourn"]
[EventRounds "9"]
[EventCountry "NED"]
[EventCategory "5"]
[SourceTitle "EXT 1998"]
[Source "ChessBase"]
[SourceDate "1997.11.17"]
[SourceVersion "1"]
[SourceVersionDate "1997.11.17"]
[SourceQuality "1"]

1. d4 Nf6 2. c4 e6 3. Nc3 c5 4. d5 exd5 5. cxd5 d6 6. e4 g6 7. f4 Bg7 8. Nf3 0-0 9. Be2 Bg4 10. 0-0 Nbd7 11. Re1 Re8 12. h3 Bxf3 13. Bxf3 a6 14. g4 h6 15. h4 b5 16. g5 hxg5 17. hxg5 Nh7 18. Kg2 c4 19. Be3 b4 20. Na4 f6 21. gxf6 Nhxf6 22. Bf2 g5 23. e5 dxe5 24. fxg5 e4 25. gxf6 exf3+ 26. Qxf3 Qxf6 27. Qxf6 Bxf6 28. Rac1 Rec8 29. Re6 Kf7 30. Rd6 Rg8+ 31. Kf1 Ne5 32. Nb6 Rad8 33. Re6 Rg4 34. Re1 Nd3 35. R1e4 Rxe4 36. Rxe4 c3 37. bxc3 bxc3 38. Be3 Rh8 39. Ke2 Ne5 40. Bf4 Re8 41. Bxe5 Rxe5 42. Rxe5 Bxe5 43. Kd3 Ke7 44. Na4 1/2-1/2

[Event "Sonnevanck-B"]
[Site "Wijk aan Zee"]
[Date "1995.??.??"]
[Round "7"]
[White "Van de Oudeweetering, Arthur"]
[Black "Los, Sander"]
[Result "1/2-1/2"]
[WhiteElo "2330"]
[BlackElo "2365"]
[PlyCount "53"]
[EventDate "1995.02.??"]
[EventType "tourn"]
[EventRounds "9"]
[EventCountry "NED"]
[EventCategory "5"]
[SourceTitle "EXT 1998"]
[Source "ChessBase"]
[SourceDate "1997.11.17"]
[SourceVersion "1"]
[SourceVersionDate "1997.11.17"]
[SourceQuality "1"]

1. e4 c5 2. c3 Nf6 3. e5 Nd5 4. d4 cxd4 5. Nf3 Nc6 6. Bc4 Nb6 7. Bb3 d6 8. exd6 Qxd6 9. 0-0 Be6 10. Bxe6 Qxe6 11. Nxd4 Nxd4 12. Qxd4 Rd8 13. Qh4 Qe2 14. Be3 Qxb2 15. Nd2 Rxd2 16. Rab1 Qxc3 17. Bxd2 Qxd2 18. Qh5 g5 19. Rfd1 Qf4 20. Qe2 Bh6 21. Qb5+ Kf8 22. Qa5 e6 23. Qc3 Bg7 24. Qa3+ Ke8 25. Qxa7 Bd4 26. Qxb7 Kf8 27. Rxd4 1/2-1/2

[Event "NED-chT 9596"]
[Site "Netherlands"]
[Date "1995.??.??"]
[Round "?"]
[White "Van der Poel, Henk"]
[Black "Los, Sander"]
[Result "0-1"]
[WhiteElo "2355"]
[BlackElo "2365"]
[PlyCount "94"]
[EventDate "1995.??.??"]
[EventType "team"]
[EventRounds "9"]
[EventCountry "NED"]
[SourceTitle "EXT 1999"]
[Source "ChessBase"]
[SourceDate "1998.11.16"]
[SourceVersion "1"]
[SourceVersionDate "1998.11.16"]
[SourceQuality "1"]

1. e4 c5 2. Nf3 d6 3. d4 cxd4 4. Nxd4 Nf6 5. Nc3 g6 6. Be3 Bg7 7. f3 0-0 8. Qd2 Nc6 9. Bc4 Nd7 10. 0-0-0 Nb6 11. Bb3 Na5 12. Qd3 Bd7 13. h4 Rc8 14. h5 Nbc4 15. hxg6 fxg6 16. Bg5 Rf7 17. Kb1 Rc5 18. Nd5 Qf8 19. Bc1 Qc8 20. Rh4 b5 21. Rdh1 e6 22. Ne3 Bf6 23. Ng4 Bxh4 24. Nh6+ Kg7 25. Nxf7 Bf6 26. Nh6 Bg5 27. Bxg5 Rxg5 28. g4 Qf8 29. Qc3 e5 30. Ne2 Qxf3 31. Qe1 Bxg4 32. Qh4 Rh5 33. Nf5+ Bxf5 34. Qe7+ Kg8 35. Qe8+ Kg7 36. Qe7+ Kh6 37. Qf8+ Kg5 38. Qe7+ Kh6 39. Qf8+ Kg5 40. Qe7+ Kg4 41. Rg1+ Kh3 42. exf5 Qxe2 43. f6 Qe3 44. Rd1 Kg3 45. f7 Qd4 46. c3 Nd2+ 47. Kc2 Qe4+ 0-1

[Event "NED-chT 9596"]
[Site "Netherlands"]
[Date "1995.??.??"]
[Round "?"]
[White "Vedder, Henk"]
[Black "Los, Sander"]
[Result "1-0"]
[WhiteElo "2365"]
[BlackElo "2365"]
[PlyCount "118"]
[EventDate "1995.??.??"]
[EventType "team"]
[EventRounds "9"]
[EventCountry "NED"]
[SourceTitle "EXT 1999"]
[Source "ChessBase"]
[SourceDate "1998.11.16"]
[SourceVersion "1"]
[SourceVersionDate "1998.11.16"]
[SourceQuality "1"]

1. e4 c5 2. Nf3 d6 3. Nc3 Nf6 4. e5 dxe5 5. Nxe5 g6 6. Bc4 e6 7. Qf3 a6 8. Ne4 Bg7 9. Nxc5 0-0 10. 0-0 Qc7 11. d4 Nfd7 12. Nxe6 Nxe5 13. Nxc7 Nxf3+ 14. gxf3 Ra7 15. Nd5 b5 16. Bb3 Bxd4 17. c3 Bg7 18. Be3 Rb7 19. Bc5 Re8 20. Rfe1 Be6 21. Nf4 Bd7 22. Rxe8+ Bxe8 23. Re1 Bd7 24. Re7 Bc6 25. Bxf7+ Kh8 26. Rxb7 Bxb7 27. Bd6 Nc6 28. Bd5 Na5 29. Bxb7 Nxb7 30. Be7 Kg8 31. Nd5 Kf7 32. Ba3 Be5 33. Nb4 a5 34. Nc6 Bf6 35. Na7 b4 36. cxb4 axb4 37. Bxb4 Bxb2 38. Kf1 Ke6 39. Ke2 Kd5 40. Kd3 Bd4 41. Nb5 Bxf2 42. Nc3+ Ke5 43. Ne4 Bg1 44. h3 Nd8 45. Bd6+ Kf5 46. a4 Nf7 47. Bc7 Ne5+ 48. Ke2 Nc6 49. a5 Nd4+ 50. Kf1 Nxf3 51. Nf2 Bxf2 52. Kxf2 Nd4 53. a6 Nc6 54. Bb8 g5 55. a7 Nxa7 56. Bxa7 h5 57. Ke3 Ke5 58. Bb6 Kf5 59. Bd8 Kg6 1-0

[Event "NED-chT 9495"]
[Site "Netherlands"]
[Date "1994.??.??"]
[Round "4"]
[White "Los, Sander"]
[Black "Sziva, Erika"]
[Result "0-1"]
[WhiteElo "2340"]
[BlackElo "2250"]
[PlyCount "80"]
[EventDate "1994.??.??"]
[EventType "team"]
[EventRounds "9"]
[EventCountry "NED"]
[SourceTitle "EXT 1998"]
[Source "ChessBase"]
[SourceDate "1997.11.17"]
[SourceVersion "1"]
[SourceVersionDate "1997.11.17"]
[SourceQuality "1"]

1. e4 e5 2. Nf3 Nc6 3. Bb5 f5 4. d3 fxe4 5. dxe4 Nf6 6. 0-0 Bc5 7. Qd3 d6 8. Nc3 0-0 9. Bxc6 bxc6 10. Nxe5 Qe8 11. Nf3 a5 12. Na4 Ba7 13. Be3 Bxe3 14. Qxe3 Qxe4 15. Qxe4 Nxe4 16. Rfe1 Nf6 17. Ng5 Bd7 18. Re7 Rfe8 19. Rae1 Rxe7 20. Rxe7 Re8 21. Rxe8+ Bxe8 22. c4 h6 23. Ne6 Bf7 24. Nxc7 Bxc4 25. Nb6 Bxa2 26. Nc8 Kf8 27. Nxd6 Ke7 28. Nb7 a4 29. f3 Bc4 30. Kf2 Kd7 31. Na5 Bd3 32. Ke3 Bf1 33. Kf2 Kxc7 34. Kxf1 Kb6 35. Nc4+ Kc5 36. Nd2 Nd5 37. Ke2 Nf4+ 38. Ke3 Nxg2+ 39. Ke4 Ne1 40. h4 Kb4 0-1

[Event "Amstelveen"]
[Site "Amstelveen"]
[Date "1994.??.??"]
[Round "4"]
[White "Los, Sander"]
[Black "Van de Oudeweetering, Arthur"]
[Result "0-1"]
[WhiteElo "2340"]
[BlackElo "2325"]
[PlyCount "72"]
[EventDate "1994.??.??"]
[EventType "tourn"]
[EventRounds "9"]
[EventCountry "NED"]
[EventCategory "6"]
[SourceTitle "EXT 1997"]
[Source "ChessBase"]
[SourceDate "1996.11.15"]
[SourceVersion "1"]
[SourceVersionDate "1996.11.15"]
[SourceQuality "1"]

1. e4 e5 2. Nf3 Nc6 3. Bb5 Nd4 4. Nxd4 exd4 5. 0-0 Bc5 6. f4 c6 7. Ba4 d6 8. d3 f5 9. Re1 fxe4 10. dxe4 Qh4 11. Nd2 Bg4 12. Nf3 Bxf3 13. gxf3 Ne7 14. Kh1 0-0-0 15. Rg1 Qf6 16. Qd3 Ng6 17. b4 Bb6 18. b5 cxb5 19. Bxb5 Kb8 20. Bc4 Rc8 21. Rb1 Rc5 22. Rg5 Rhc8 23. Rxc5 Rxc5 24. e5 dxe5 25. f5 Nh4 26. Be6 g6 27. Ba3 Rc6 28. Rg1 Nxf5 29. Bd5 Rc3 30. Qb5 Rxa3 31. Qe8+ Kc7 32. Qa8 Nd6 33. Qg8 Qe7 34. Rg3 d3 35. cxd3 Rxd3 36. Bb3 Rc3 0-1

[Event "NED-chT 9495"]
[Site "Netherlands"]
[Date "1994.??.??"]
[Round "3"]
[White "Peek, Marcel"]
[Black "Los, Sander"]
[Result "1-0"]
[WhiteElo "2300"]
[BlackElo "2340"]
[PlyCount "59"]
[EventDate "1994.??.??"]
[EventType "team"]
[EventRounds "9"]
[EventCountry "NED"]
[SourceTitle "EXT 1998"]
[Source "ChessBase"]
[SourceDate "1997.11.17"]
[SourceVersion "1"]
[SourceVersionDate "1997.11.17"]
[SourceQuality "1"]

1. d4 Nf6 2. c4 e6 3. Nf3 c5 4. d5 exd5 5. cxd5 d6 6. Nc3 g6 7. e4 Bg4 8. Qb3 Bxf3 9. Qxb7 Nbd7 10. gxf3 Rb8 11. Qxa7 Bg7 12. Bf4 Nh5 13. Bxd6 Bxc3+ 14. bxc3 Qf6 15. Bxb8 Qxc3+ 16. Ke2 Qb2+ 17. Ke3 Qd4+ 18. Ke2 Qb2+ 19. Ke3 Qd4+ 20. Ke2 0-0 21. Rb1 Nxb8 22. Rxb8 Nf4+ 23. Ke1 Qc3+ 24. Kd1 Qxf3+ 25. Kc1 Qc3+ 26. Kb1 Qe1+ 27. Kb2 Qxe4 28. Rxf8+ Kxf8 29. Qxc5+ Kg7 30. f3 1-0

[Event "Leeuwarden op"]
[Site "Leeuwarden"]
[Date "1993.??.??"]
[Round "7"]
[White "Cifuentes Parada, Roberto"]
[Black "Los, Sander"]
[Result "1-0"]
[WhiteElo "2495"]
[BlackElo "2335"]
[PlyCount "57"]
[EventDate "1993.08.??"]
[EventType "swiss"]
[EventRounds "9"]
[EventCountry "NED"]
[SourceTitle "TD"]
[Source "ChessBase"]
[SourceDate "1994.03.01"]
[SourceVersion "1"]
[SourceVersionDate "1994.03.01"]
[SourceQuality "1"]

1. d4 Nf6 2. Nf3 c5 3. d5 e6 4. Nc3 b5 5. Bg5 b4 6. Ne4 Bb7 7. c4 bxc3 8. Bxf6 gxf6 9. Nxc3 f5 10. e3 Bg7 11. Bc4 0-0 12. 0-0 Na6 13. Rc1 Kh8 14. a3 Rg8 15. Kh1 Nc7 16. Qd3 Bf6 17. Rfd1 Rg7 18. d6 Qg8 19. Qf1 Ne8 20. Na4 Bc6 21. b3 Be5 22. Bb5 Bxb5 23. Qxb5 Bxd6 24. Qxd7 Rxg2 25. Rg1 Rg4 26. h3 Rg6 27. Rxg6 Qxg6 28. Rg1 Qh5 29. Ng5 1-0

[Event "Leeuwarden op"]
[Site "Leeuwarden"]
[Date "1993.??.??"]
[Round "1"]
[White "Dvoirys, Semen I"]
[Black "Los, Sander"]
[Result "1-0"]
[WhiteElo "2590"]
[BlackElo "2335"]
[PlyCount "82"]
[EventDate "1993.08.??"]
[EventType "swiss"]
[EventRounds "9"]
[EventCountry "NED"]
[SourceTitle "TD"]
[Source "ChessBase"]
[SourceDate "1994.03.01"]
[SourceVersion "1"]
[SourceVersionDate "1994.03.01"]
[SourceQuality "1"]

1. e4 c5 2. Nf3 d6 3. d4 cxd4 4. Nxd4 Nf6 5. Nc3 g6 6. Be3 Bg7 7. f3 0-0 8. Qd2 Nc6 9. 0-0-0 d5 10. Qe1 e6 11. g4 Qc7 12. g5 Nh5 13. exd5 exd5 14. Nxd5 Qe5 15. Nc3 Nxd4 16. Rxd4 Bf5 17. Qd2 Rfe8 18. Bf2 Rac8 19. Bc4 Qa5 20. Rh4 b5 21. Bb3 b4 22. Qd5 Qxd5 23. Nxd5 Bxc2 24. Rc4 Rxc4 25. Bxc4 Bf5 26. Bxa7 Be5 27. Bc5 Kg7 28. Bxb4 Rc8 29. b3 Nf4 30. Nxf4 Bxf4+ 31. Bd2 Be5 32. f4 Bd4 33. Re1 Be6 34. Re4 Bxc4 35. bxc4 Rxc4+ 36. Kd1 f5 37. gxf6+ Kxf6 38. Ke2 Ra4 39. Rxd4 Rxd4 40. Bc3 Kf5 41. Bxd4 Kxf4 1-0

[Event "NED-chT"]
[Site "Netherlands"]
[Date "1993.??.??"]
[Round "3"]
[White "Los, Sander"]
[Black "Cifuentes Parada, Roberto"]
[Result "0-1"]
[WhiteElo "2320"]
[BlackElo "2480"]
[PlyCount "76"]
[EventDate "1993.??.??"]
[EventType "team"]
[EventRounds "11"]
[EventCountry "NED"]
[SourceTitle "EXT 1997"]
[Source "ChessBase"]
[SourceDate "1996.11.15"]
[SourceVersion "1"]
[SourceVersionDate "1996.11.15"]
[SourceQuality "1"]

1. e4 c5 2. Nf3 Nc6 3. Bb5 d6 4. 0-0 Bd7 5. Re1 Nf6 6. c3 a6 7. Bxc6 Bxc6 8. d4 Bxe4 9. Bg5 Bc6 10. Bxf6 gxf6 11. d5 Bd7 12. Nbd2 e5 13. dxe6 Bxe6 14. Ne4 Be7 15. Nh4 Qd7 16. Qf3 0-0-0 17. Ng3 Rhg8 18. Nhf5 Rg5 19. h4 Rg6 20. b4 d5 21. Qe3 Bf8 22. bxc5 Bxf5 23. c6 Qxc6 24. Nxf5 Kb8 25. Qf3 Qc4 26. Rab1 Qg4 27. Qxg4 Rxg4 28. Rb6 Rf4 29. Rxf6 Bc5 30. Re2 Rd7 31. g3 Rf3 32. Rc2 d4 33. cxd4 Bxd4 34. Rd6 Rxd6 35. Nxd6 Rxg3+ 36. Kh2 Rf3 37. Rc8+ Ka7 38. Rc7 Be5+ 0-1

[Event "Groningen op"]
[Site "Groningen"]
[Date "1992.??.??"]
[Round "3"]
[White "Los, Sander"]
[Black "Ivanov, An"]
[Result "1-0"]
[WhiteElo "2320"]
[BlackElo "2230"]
[PlyCount "83"]
[EventDate "1992.??.??"]
[EventType "swiss"]
[EventRounds "9"]
[EventCountry "NED"]
[SourceTitle "EXT 1997"]
[Source "ChessBase"]
[SourceDate "1996.11.15"]
[SourceVersion "1"]
[SourceVersionDate "1996.11.15"]
[SourceQuality "1"]

1. e4 d5 2. exd5 Qxd5 3. Nc3 Qa5 4. d4 Nf6 5. Nf3 Nc6 6. Bb5 Nd5 7. Rb1 a6 8. Bxc6+ bxc6 9. 0-0 Bg4 10. Qd3 Nb4 11. Qc4 Be6 12. Qe2 Nxa2 13. Bd2 Nxc3 14. bxc3 g6 15. Ne5 Qd5 16. Rfe1 Bg7 17. c4 Qxd4 18. Nxf7 0-0 19. Nh6+ Kh8 20. Qxe6 Qxf2+ 21. Kh1 Rf6 22. Qe3 a5 23. Ng4 Qxe3 24. Bxe3 Rf5 25. Bh6 Bc3 26. Re3 Bb4 27. c3 Bd6 28. Re2 a4 29. Be3 h5 30. Bd4+ Kh7 31. Ne3 Rfa5 32. c5 Bxc5 33. Nc4 Bxd4 34. Nxa5 Bxc3 35. Nc4 a3 36. Ra2 Ra4 37. Nxa3 Be5 38. Re2 Bf6 39. Nc2 Ra2 40. Kg1 c5 41. Kf1 c4 42. Ne3 1-0

[Event "Groningen op"]
[Site "Groningen"]
[Date "1992.??.??"]
[Round "1"]
[White "Los, Sander"]
[Black "Shneider, Aleksandr"]
[Result "0-1"]
[WhiteElo "2320"]
[BlackElo "2545"]
[PlyCount "72"]
[EventDate "1992.??.??"]
[EventType "swiss"]
[EventRounds "9"]
[EventCountry "NED"]
[SourceTitle "EXT 1997"]
[Source "ChessBase"]
[SourceDate "1996.11.15"]
[SourceVersion "1"]
[SourceVersionDate "1996.11.15"]
[SourceQuality "1"]

1. e4 c5 2. Nf3 d6 3. d4 cxd4 4. Nxd4 Nf6 5. Nc3 a6 6. f4 e5 7. Nf3 Nbd7 8. Bd3 Be7 9. 0-0 b5 10. Qe1 0-0 11. Kh1 Bb7 12. b4 Re8 13. Bb2 exf4 14. Nd4 d5 15. exd5 Nxd5 16. Ne6 Bh4 17. Qe4 N7f6 18. Nxd8 Nxe4 19. Nxb7 Nexc3 20. Nc5 Be7 21. Rae1 Bxc5 22. bxc5 g6 23. Kg1 Rac8 24. Rxe8+ Rxe8 25. Bxc3 Nxc3 26. Rxf4 Nxa2 27. c4 b4 28. c6 Nc1 29. Bf1 b3 30. c5 a5 31. Rf2 a4 32. Rf4 a3 33. Rb4 a2 34. c7 a1Q 35. Rb8 Ne2+ 36. Kf2 Qd4+ 0-1

[Event "NED-ch47 sf"]
[Site "Enschede"]
[Date "1991.11.22"]
[Round "7"]
[White "Zagema, Wieb"]
[Black "Los, Sander"]
[Result "0-1"]
[WhiteElo "2370"]
[BlackElo "2355"]
[PlyCount "66"]
[EventDate "1991.11.01"]
[EventType "swiss"]
[EventRounds "9"]
[EventCountry "NED"]
[SourceTitle "EXT 1997"]
[Source "ChessBase"]
[SourceDate "1996.11.15"]
[SourceVersion "1"]
[SourceVersionDate "1996.11.15"]
[SourceQuality "1"]

1. e4 c5 2. b3 Nf6 3. e5 Nd5 4. Bb2 Nc6 5. Nf3 e6 6. Bb5 Qb6 7. c4 Nf4 8. 0-0 a6 9. Bxc6 Qxc6 10. d4 cxd4 11. Bc1 Ng6 12. Nxd4 Qc7 13. Re1 b6 14. Nc3 Bb7 15. Ne4 Qxe5 16. Ng3 Qc7 17. Ndf5 0-0-0 18. Nd4 h5 19. Ne4 Kb8 20. Ng5 Bd6 21. Nxf7 Bxh2+ 22. Kf1 Nh4 23. Nf3 Nxf3 24. gxf3 Rhf8 25. Nxd8 Bxf3 26. Qd4 Qxd8 27. Re3 Bc7 28. Ba3 Rf4 29. Qxg7 Qh4 30. Qg3 Qh1+ 31. Qg1 Rh4 32. Rxf3 Qxf3 33. Qg8+ Kb7 0-1

[Event "NED-ch46 sf"]
[Site "Enschede"]
[Date "1990.11.16"]
[Round "4"]
[White "Okkes, Menno"]
[Black "Los, Sander"]
[Result "1/2-1/2"]
[WhiteElo "2315"]
[BlackElo "2355"]
[PlyCount "93"]
[EventDate "1990.11.02"]
[EventType "swiss"]
[EventRounds "9"]
[EventCountry "NED"]
[SourceTitle "EXT 2002"]
[Source "ChessBase"]
[SourceDate "2001.11.25"]
[SourceVersion "1"]
[SourceVersionDate "2001.11.25"]
[SourceQuality "1"]

1. e4 c5 2. Nf3 e6 3. d4 cxd4 4. Nxd4 Nc6 5. Nb5 d6 6. c4 a6 7. N5c3 Nf6 8. Be2 Be7 9. 0-0 0-0 10. Be3 b6 11. Nd2 Bb7 12. Qb3 Nd7 13. Rfd1 Bf6 14. Nf3 Qc7 15. Qc2 Nce5 16. Nxe5 Bxe5 17. Rac1 Rac8 18. Qd2 Rfd8 19. f4 Bxc3 20. Qxc3 Bxe4 21. Qd4 Qb7 22. Bf1 d5 23. a4 Nc5 24. cxd5 Rxd5 25. Qb4 Rxd1 26. Rxd1 Bd5 27. a5 bxa5 28. Qxa5 Nb3 29. Qxa6 Qxa6 30. Bxa6 Rc2 31. Bf1 Rxb2 32. Rd3 Rc2 33. f5 Kf8 34. fxe6 fxe6 35. Bf4 Ke7 36. Be5 g6 37. Rh3 h5 38. Rh4 Nd2 39. Bd3 Rc1+ 40. Kf2 Nc4 41. Bf4 Rc3 42. Bg5+ Kd7 43. Bxg6 Ne5 44. Bxh5 Rc2+ 45. Be2 Bxg2 46. Rd4+ Ke8 47. Bd2 1/2-1/2

[Event "NED-ch46 sf"]
[Site "Enschede"]
[Date "1990.11.03"]
[Round "2"]
[White "Den Broeder, Guido"]
[Black "Los, Sander"]
[Result "0-1"]
[WhiteElo "2355"]
[BlackElo "2355"]
[PlyCount "118"]
[EventDate "1990.11.02"]
[EventType "swiss"]
[EventRounds "9"]
[EventCountry "NED"]
[SourceTitle "EXT 2002"]
[Source "ChessBase"]
[SourceDate "2001.11.25"]
[SourceVersion "1"]
[SourceVersionDate "2001.11.25"]
[SourceQuality "1"]

1. e4 c5 2. Nf3 d6 3. d4 cxd4 4. Nxd4 Nf6 5. Bd3 e5 6. Nf3 Be7 7. Qe2 0-0 8. 0-0 Nc6 9. c3 h6 10. h3 Re8 11. Rd1 Qc7 12. Na3 a6 13. Nc2 Bf8 14. c4 Nh5 15. Qe3 Nf4 16. Bf1 Be6 17. Qc3 Rac8 18. Ne3 Qb8 19. Nd5 Bxd5 20. exd5 Ne7 21. Qb3 Nf5 22. g4 Ne7 23. Be3 Neg6 24. Rac1 h5 25. gxh5 Nxh5 26. Ng5 Qc7 27. c5 Qd7 28. c6 Qf5 29. cxb7 Rb8 30. Qc2 e4 31. Qe2 Nf6 32. Rc7 Be7 33. Bg2 Ne5 34. Rd4 Bd8 35. Rc8 Rxc8 36. bxc8Q Qxc8 37. Nxe4 Qb7 38. Nxf6+ Bxf6 39. Rd2 Ng6 40. Qg4 Ne5 41. Qe4 Qd7 42. Rc2 Ng6 43. Qg4 Qd8 44. b3 Nh4 45. Bf1 g6 46. Rc6 Nf5 47. Bb6 Qe7 48. Bxa6 Qe1+ 49. Bf1 Qd2 50. Rc4 Re1 51. Re4 Ba1 52. Qe2 Qxd5 53. Qc4 Qb7 54. Be3 Kg7 55. Qc2 Qb5 56. Qc4 Qa5 57. Qb4 Qd5 58. Qc4 Qd1 59. Qe2 Qxe2 0-1